00823nam a2200205 a 450000100100000000500170001000800410002704000250006808200150009310000390010824501350014726000630028230000210034550000380036670000280040470000400043204900090047295201190048199900170060000002563120200930023929.0110218s1930 ag r 000 0 spa d aDO-SdBNPbspacBNPHU aNNNbA595l1 aAngus, Josep,d1816 - 1902.95233610aLos libros de la biblia :b(Nuevo Testamento) /cJoseph Angu, Samuel G. Green ; traducido del inglés por Carlos Araujo García. aBuenos Aires :bJunta Bautista de Publicaciones,c[1930?]. a232 p. ;c20 cm. aIncluye apéndice (p. [217]-223)1 aGreen, Samuel G.9523371 aAraujo García, Carlosetr.952338 aBNGR 001054708MOaGRbGRcCTd2011-02-18iLF1l0oNNN A595lp25631-10r2020-06-25w2020-06-25y4ZPréstamo en sala c25123d25123